[Event "Reykjavik Open"]
[Site "Reykjavik ISL"]
[Date "2017.04.23"]
[EventDate "2017.04.19"]
[Round "6.49"]
[Result "1/2-1/2"]
[White "Victor Plotkin"]
[Black "Lars Vistisen"]
[WhiteElo "2243"]
[BlackElo "2097"]
[PlyCount "222"]

1. e4 e5 2. Nf3 Nc6 3. Bc4 Nf6 4. d3 Be7 5. O-O O-O 6. Re1 d6
7. c3 Na5 8. Bb5 a6 9. Ba4 b5 10. Bc2 c5 11. Nbd2 Re8 12. Nf1
h6 13. Ng3 Bf8 14. h3 Qc7 15. d4 cxd4 16. cxd4 exd4 17. Nxd4
d5 18. exd5 Bb7 19. Bd2 Nc4 20. Rc1 Rxe1+ 21. Bxe1 Nxb2
22. Bh7+ Nxh7 23. Rxc7 Nxd1 24. Rxb7 Nf6 25. Nde2 Rd8 26. Ra7
Nxd5 27. Rxa6 Nb2 28. Rc6 Nd3 29. Bd2 Ra8 30. Nc1 Nxc1
31. Bxc1 Nb4 32. Rb6 Nxa2 33. Bb2 b4 34. Rc6 Rd8 35. Ne4 f5
36. Nc5 Rd1+ 37. Kh2 Bd6+ 38. g3 Rd2 39. Ne6 Rxf2+ 40. Kg1
Rxb2 41. Rxd6 Nc3 42. g4 fxg4 43. hxg4 Re2 44. g5 Kf7 45. Nd4
Re1+ 46. Kg2 hxg5 47. Rb6 Nd5 48. Rb5 Re5 49. Kg3 g4 50. Nc6
Re3+ 51. Kxg4 Nf6+ 52. Kf4 Rb3 53. Ke5 Re3+ 54. Kd4 Re4+
55. Kd3 Rh4 56. Rxb4 Rh3+ 57. Ke2 g5 58. Ne5+ Ke6 59. Nf3 Rh5
60. Rb5 Nd5 61. Nxg5+ Rxg5 62. Rb8 Rg3 63. Kf2 Ra3 64. Re8+
Kf5 65. Rf8+ Nf6 66. Ke2 Ke5 67. Rd8 Nd5 68. Re8+ Kd4 69. Rd8
Re3+ 70. Kf2 Re5 71. Ra8 Nc3 72. Rd8+ Ke4 73. Rf8 Re7 74. Rf6
Nd5 75. Rf8 Nf4 76. Ra8 Ne6 77. Ke2 Rh7 78. Kd2 Rd7+ 79. Kc3
Rc7+ 80. Kd2 Rc6 81. Re8 Kd4 82. Ke2 Ra6 83. Kf3 Ra3+ 84. Kf2
Nf4 85. Rd8+ Nd5 86. Ke2 Re3+ 87. Kf2 Re6 88. Rf8 Ke4 89. Ke2
Nf6 90. Kd2 Rd6+ 91. Kc3 Nd5+ 92. Kc4 Rc6+ 93. Kb5 Rc1 94. Rh8
Nf6 95. Rd8 Rb1+ 96. Kc5 Ke5 97. Kc4 Rc1+ 98. Kb3 Nd5 99. Kb2
Rd1 100. Rh8 Rd2+ 101. Kb3 Kd4 102. Rh4+ Kc5 103. Rc4+ Kb5
104. Rh4 Rd3+ 105. Kc2 Rf3 106. Kd2 Nf4 107. Rh8 Rd3+ 108. Kc2
Rd5 109. Rb8+ Kc4 110. Rc8+ Kd4 111. Kd2 Ne6 1/2-1/2

[Event "Reykjavik Open"]
[Site "Reykjavik ISL"]
[Date "2017.04.23"]
[EventDate "2017.04.19"]
[Round "6.50"]
[Result "1-0"]
[White "Jonathan Yu"]
[Black "Lenka Ptacnikova"]
[WhiteElo "2073"]
[BlackElo "2242"]
[PlyCount "117"]

1. e4 d5 2. Nc3 d4 3. Nce2 e5 4. Ng3 Be6 5. Nf3 Nd7 6. c3 c5
7. Bb5 f6 8. d3 dxc3 9. bxc3 Qa5 10. Bxd7+ Bxd7 11. Qb3 Qa6
12. c4 Ne7 13. O-O Ba4 14. Qa3 Nc6 15. Qc3 O-O-O 16. Nf5 g6
17. Ne3 Nd4 18. Qa3 Nc2 19. Nxc2 Bxc2 20. Qxa6 bxa6 21. Ne1
Bxd3 22. Nxd3 Rxd3 23. Be3 Be7 24. Rfd1 Rhd8 25. Rxd3 Rxd3
26. Rc1 Kc7 27. g4 Kc6 28. Kf1 Bd8 29. Ke2 Ra3 30. Rc2 Ba5
31. Bh6 Rh3 32. Bg7 Bd8 33. Rd2 Be7 34. g5 f5 35. exf5 gxf5
36. Bxe5 Rh5 37. Bf6 Bxf6 38. gxf6 Rh6 39. Kf3 Rxf6 40. Kf4
Rh6 41. f3 Rh4+ 42. Kxf5 Rxc4 43. Ke5 Rc1 44. f4 Re1+ 45. Kf6
c4 46. f5 Rf1 47. Ke6 Kc5 48. f6 c3 49. Rd8 Kc4 50. f7 c2
51. f8=Q Rxf8 52. Rxf8 Kd3 53. Rc8 Kd2 54. Kf6 c1=Q 55. Rxc1
Kxc1 56. Kg7 a5 57. a4 Kd2 58. Kxh7 Ke3 59. Kg6 1-0

[Event "Reykjavik Open"]
[Site "Reykjavik ISL"]
[Date "2017.04.23"]
[EventDate "2017.04.19"]
[Round "6.51"]
[Result "1/2-1/2"]
[White "Dimitri van Leent"]
[Black "Siguringi Sigurjonsson"]
[WhiteElo "2230"]
[BlackElo "1997"]
[PlyCount "91"]

1. c4 d6 2. g3 e5 3. Nc3 Nc6 4. Bg2 g6 5. e4 Bg7 6. Nge2 f5
7. d3 Nf6 8. O-O O-O 9. Nd5 Ne7 10. Bg5 c6 11. Nxf6+ Bxf6
12. Bxf6 Rxf6 13. d4 Qb6 14. dxe5 dxe5 15. Qd2 Qc7 16. f4 Be6
17. Qc3 fxe4 18. fxe5 Rf5 19. Rxf5 Bxf5 20. Nf4 Re8 21. Re1
Qb6+ 22. Kh1 Rd8 23. h3 h5 24. c5 Qb5 25. g4 hxg4 26. hxg4
Bxg4 27. Bxe4 Bf5 28. Bg2 Qa4 29. Qf3 Rd4 30. Rf1 Qc4 31. Nxg6
Nxg6 32. Qxf5 Rh4+ 33. Bh3 Qd5+ 34. Kg1 Qxc5+ 35. Rf2 Rh7
36. Qe6+ Kg7 37. Qf6+ Kh6 38. Bf1 Qe3 39. Kh1 Qe4+ 40. Rg2 Rd7
41. Kg1 Qe3+ 42. Kh1 Qe4 43. Qg5+ Kh7 44. Kg1 Qd4+ 45. Kh1 Qe4
46. Kg1 1/2-1/2

[Event "Reykjavik Open"]
[Site "Reykjavik ISL"]
[Date "2017.04.23"]
[EventDate "2017.04.19"]
[Round "6.52"]
[Result "1/2-1/2"]
[White "Bjorn Holm Birkisson"]
[Black "Andrea Della Pietra"]
[WhiteElo "2057"]
[BlackElo "2228"]
[PlyCount "82"]

1. b3 e5 2. Bb2 Nc6 3. e3 Nf6 4. Bb5 Bd6 5. Na3 Na5 6. Nc4
Nxc4 7. Bxc4 c6 8. d4 Qa5+ 9. Qd2 Qxd2+ 10. Kxd2 Bb4+ 11. Ke2
e4 12. a3 Be7 13. Kd2 d5 14. Be2 O-O 15. f4 exf3 16. gxf3 Re8
17. Bd3 Nh5 18. h4 Ng3 19. Rh2 Nf5 20. Bxf5 Bxf5 21. Ne2 Bd6
22. Rhh1 Re7 23. Rae1 Rae8 24. Nc1 h5 25. Nd3 Bxd3 26. Kxd3
Bg3 27. Re2 f5 28. Bc1 Re6 29. Rg2 Bd6 30. Rhg1 Bf8 31. Rg5 f4
32. exf4 Re2 33. Re5 R8xe5 34. fxe5 Rh2 35. Bg5 Kf7 36. a4 Rf2
37. Rg3 g6 38. Be3 Rh2 39. Bg5 Rf2 40. Be3 Rh2 41. Bg5 Rf2
1/2-1/2

[Event "Reykjavik Open"]
[Site "Reykjavik ISL"]
[Date "2017.04.23"]
[EventDate "2017.04.19"]
[Round "6.55"]
[Result "1/2-1/2"]
[White "Francesco Puglia"]
[Black "John Doknjas"]
[WhiteElo "1809"]
[BlackElo "2216"]
[PlyCount "61"]

1. g3 d5 2. Bg2 Nf6 3. Nf3 c6 4. d4 Bf5 5. c4 h6 6. Nc3 e6
7. O-O Nbd7 8. Nd2 Be7 9. e4 dxe4 10. Ndxe4 O-O 11. b3 Nxe4
12. Nxe4 Nf6 13. Nxf6+ Bxf6 14. Bb2 c5 15. Qd2 Bxd4 16. Bxb7
Rb8 17. Bg2 Qb6 18. Rfe1 Rfd8 19. Be4 Bxe4 20. Rxe4 e5 21. Qe2
f6 22. Rb1 Qc6 23. Bxd4 Rxd4 24. Rxd4 cxd4 25. f3 a5 26. Qe4
Qxe4 27. fxe4 Kf7 28. Kf2 Ke6 29. Ke2 Kd6 30. Kd3 Kc5 31. a3
1/2-1/2

[Event "Reykjavik Open"]
[Site "Reykjavik ISL"]
[Date "2017.04.23"]
[EventDate "2017.04.19"]
[Round "6.60"]
[Result "1-0"]
[White "Peter Murray"]
[Black "Gudlaug Thorsteinsdottir"]
[WhiteElo "2235"]
[BlackElo "2013"]
[PlyCount "111"]

1. d4 Nf6 2. c4 e6 3. Nc3 Bb4 4. Qc2 d5 5. e3 c6 6. Bd2 Nbd7
7. Nf3 O-O 8. Bd3 Bd6 9. O-O dxc4 10. Bxc4 e5 11. dxe5 Nxe5
12. Nxe5 Bxe5 13. f4 Bc7 14. Kh1 Ng4 15. Nd1 Qh4 16. h3 Nh6
17. Be1 Qe7 18. Bd3 f5 19. Bc3 Be6 20. Bd4 Qd7 21. Nf2 Bxf4
22. Bxg7 Qxg7 23. Bc4 Bc7 24. Bxe6+ Kh8 25. Nd3 Rae8 26. Bb3
Rxe3 27. Nf4 Rfe8 28. Qf2 Qe5 29. Qh4 Qg7 30. Nh5 Qg6 31. Nf4
Bxf4 32. Rxf4 Re2 33. Rg1 Rxb2 34. Rd4 Rbe2 35. Rd7 R2e4
36. Qf2 R4e7 37. Rd3 Qg7 38. Qxa7 Qe5 39. Qf2 Nf7 40. Rgd1 Ng5
41. Qh4 Ne4 42. Rf3 b5 43. Rdf1 Nd6 44. g4 c5 45. gxf5 c4
46. Bd1 Ra7 47. Qf2 Rea8 48. Re3 Ne4 49. Qg2 Rxa2 50. Rxe4 Qd6
51. Re2 R2a3 52. Re3 Rg8 53. Qb2+ c3 54. Rxc3 Qf6 55. Qxa3 Qg5
56. Qb2 1-0

[Event "Reykjavik Open"]
[Site "Reykjavik ISL"]
[Date "2017.04.23"]
[EventDate "2017.04.19"]
[Round "6.61"]
[Result "1/2-1/2"]
[White "Alistair Hill"]
[Black "Isaac K Steincamp"]
[WhiteElo "2209"]
[BlackElo "2009"]
[PlyCount "77"]

1. c4 e6 2. g3 d5 3. Bg2 Nf6 4. Nf3 Be7 5. O-O O-O 6. b3 c5
7. cxd5 Nxd5 8. Bb2 Nc6 9. d4 cxd4 10. Nxd4 Bf6 11. Nxc6 bxc6
12. Qd2 Ba6 13. Rc1 Bxb2 14. Qxb2 Qb6 15. Nc3 Rac8 16. Na4 Qb5
17. e3 c5 18. Bf1 Qa5 19. Bxa6 Qxa6 20. Nxc5 Qb5 21. a4 Qa5
22. Nd3 Rb8 23. Rc5 Qb6 24. Rb1 Nb4 25. Nxb4 Qxc5 26. Na6 Qa5
27. Nxb8 Rxb8 28. Qa3 h5 29. b4 Qf5 30. Re1 Qe4 31. b5 h4
32. Qd6 h3 33. Qxb8+ Kh7 34. Kf1 Qd3+ 35. Kg1 Qe4 36. Kf1 Qd3+
37. Kg1 Qe4 38. Kf1 Qd3+ 39. Kg1 1/2-1/2

[Event "Reykjavik Open"]
[Site "Reykjavik ISL"]
[Date "2017.04.23"]
[EventDate "2017.04.19"]
[Round "6.63"]
[Result "1/2-1/2"]
[White "Per Green"]
[Black "Michael Dougherty"]
[WhiteElo "1966"]
[BlackElo "2171"]
[PlyCount "77"]

1. c4 g6 2. Nc3 Bg7 3. g3 e5 4. Bg2 d6 5. d3 Nf6 6. Rb1 a5
7. Nf3 O-O 8. O-O Nc6 9. a3 Rb8 10. b4 axb4 11. axb4 Bg4
12. b5 Ne7 13. Bd2 h6 14. Qc2 Nd7 15. h3 Be6 16. Ra1 Nc5
17. Ra2 f5 18. e3 Qd7 19. Na4 Nxd3 20. Qxd3 e4 21. Qc2 exf3
22. Bxf3 g5 23. Nb2 d5 24. cxd5 Nxd5 25. Ra5 c6 26. bxc6 bxc6
27. Nd3 Bf7 28. Rc1 Rb6 29. Nc5 Qe7 30. Na4 Nb4 31. Bxb4 Rxb4
32. Rxf5 Bb3 33. Rxf8+ Qxf8 34. Qxc6 Bxa4 35. Qe6+ Qf7
36. Rc8+ Bf8 37. Qxh6 Qxf3 38. Qg6+ Kh8 39. Qh6+ 1/2-1/2

[Event "Reykjavik Open"]
[Site "Reykjavik ISL"]
[Date "2017.04.23"]
[EventDate "2017.04.19"]
[Round "6.65"]
[Result "1/2-1/2"]
[White "Heidrikur Tindskar Jacobsen"]
[Black "Jon Kristinsson"]
[WhiteElo "1951"]
[BlackElo "2166"]
[PlyCount "107"]

1. Nc3 e5 2. e4 Nf6 3. f4 d5 4. fxe5 Nxe4 5. Nf3 Be7 6. d3
Nxc3 7. bxc3 O-O 8. Be2 Nc6 9. d4 f6 10. exf6 Bxf6 11. O-O Bf5
12. Bd3 Bxd3 13. Qxd3 Qd7 14. Bg5 h6 15. Bd2 Rae8 16. Rae1 Na5
17. Qg6 Rxe1 18. Rxe1 Qf7 19. Qg3 Kh7 20. Rf1 Qe7 21. h4 Nc4
22. Bg5 c6 23. Re1 Qf7 24. Bxf6 Qxf6 25. h5 Rf7 26. Rf1 Nd6
27. Qg6+ Kg8 28. Qg3 Qf4 29. Qxf4 Rxf4 30. Ne5 Rxf1+ 31. Kxf1
Nb5 32. c4 dxc4 33. Nxc4 Nxd4 34. Na5 Nxc2 35. Nxb7 Nb4 36. a3
Nc2 37. a4 Nb4 38. Ke2 Kf7 39. Ke3 Ke6 40. Ke4 Na6 41. g4 Kf6
42. Kf4 Nc7 43. Nd6 Nd5+ 44. Kg3 a5 45. Ne8+ Kf7 46. Nd6+ Ke7
47. Nc4 Nc3 48. Nxa5 c5 49. Nc4 Nxa4 50. Kf4 Kf6 51. Nd6 Ke6
52. Nf5 Kf7 53. g5 hxg5+ 54. Kxg5 1/2-1/2

[Event "Reykjavik Open"]
[Site "Reykjavik ISL"]
[Date "2017.04.23"]
[EventDate "2017.04.19"]
[Round "6.70"]
[Result "1/2-1/2"]
[White "Margarita Baliuniene"]
[Black "Pouelsten Holm Grabow"]
[WhiteElo "1897"]
[BlackElo "2135"]
[PlyCount "32"]

1. d4 d5 2. c4 c6 3. cxd5 cxd5 4. Nf3 Nf6 5. Nc3 Nc6 6. Bf4
Bf5 7. e3 e6 8. h3 h6 9. Be2 Be7 10. O-O O-O 11. Rc1 Rc8
12. Qb3 Na5 13. Qa4 Nc6 14. Qb3 Na5 15. Qa4 Nc6 16. Qb3 Na5
1/2-1/2

[Event "Reykjavik Open"]
[Site "Reykjavik ISL"]
[Date "2017.04.23"]
[EventDate "2017.04.19"]
[Round "6.71"]
[Result "1-0"]
[White "Jukka Johansson"]
[Black "Ingrid Jodre Kvamme"]
[WhiteElo "2122"]
[BlackElo "1444"]
[PlyCount "89"]

1. d4 Nf6 2. c4 g6 3. Nc3 Bg7 4. e4 d6 5. Be2 O-O 6. Be3 c5
7. d5 e6 8. h3 exd5 9. exd5 a6 10. Nf3 Nbd7 11. O-O Re8
12. Qd2 Ne5 13. Nh2 Bf5 14. g4 Bc8 15. f4 Ned7 16. Kg2 Ne4
17. Nxe4 Rxe4 18. Bd3 Re8 19. Qf2 Nf6 20. Qf3 Rb8 21. a4 Bd7
22. f5 b5 23. axb5 axb5 24. fxg6 hxg6 25. g5 Qe7 26. gxf6 Qxe3
27. fxg7 Qxf3+ 28. Rxf3 bxc4 29. Bxc4 Rxb2+ 30. Kg3 Bf5
31. Ng4 Kxg7 32. Ra7 Rb4 33. Bf1 Rf8 34. Ne3 Bb1 35. Rd7 Rb6
36. Nc4 Rbb8 37. Rxd6 Rfd8 38. Rxd8 Rxd8 39. Rb3 Be4 40. Ne3
Kf6 41. Kf4 Re8 42. Rb6+ Kg7 43. Bb5 Re7 44. d6 Re6 45. d7 1-0

[Event "Reykjavik Open"]
[Site "Reykjavik ISL"]
[Date "2017.04.23"]
[EventDate "2017.04.19"]
[Round "6.72"]
[Result "1/2-1/2"]
[White "Gopakumar Siddharth"]
[Black "Martin Bottema"]
[WhiteElo "1826"]
[BlackElo "2114"]
[PlyCount "90"]

1. e4 e5 2. Nf3 Nc6 3. d4 exd4 4. Nxd4 Nf6 5. Nxc6 bxc6 6. e5
Qe7 7. Qe2 Nd5 8. c4 Nb6 9. Nc3 Ba6 10. Qe4 Qe6 11. f4 d5
12. f5 dxe4 13. fxe6 fxe6 14. b3 Bb4 15. Bb2 O-O-O 16. Be2 Kb8
17. a3 Bxc3+ 18. Bxc3 c5 19. Rd1 Rxd1+ 20. Kxd1 Rf8 21. Ke1
Kc8 22. Rf1 Rxf1+ 23. Kxf1 Bb7 24. Bg4 Kd7 25. Ke2 Ke7 26. g3
Nd7 27. Ke3 Nb8 28. Ba5 Kd7 29. h4 Nc6 30. Bc3 Ne7 31. h5 Nf5+
32. Bxf5 exf5 33. e6+ Kxe6 34. Bxg7 Bc6 35. Bf8 Be8 36. Bxc5
a6 37. h6 Bh5 38. Kd2 Kd7 39. b4 c6 40. a4 Kc7 41. b5 axb5
42. axb5 cxb5 43. cxb5 Be8 44. b6+ Kb7 45. Ke3 Bg6 1/2-1/2

[Event "Reykjavik Open"]
[Site "Reykjavik ISL"]
[Date "2017.04.23"]
[EventDate "2017.04.19"]
[Round "6.73"]
[Result "0-1"]
[White "Gerd Meier"]
[Black "Martin P Burrows"]
[WhiteElo "1779"]
[BlackElo "2113"]
[PlyCount "102"]

1. e4 c5 2. Nf3 d6 3. d4 cxd4 4. Nxd4 Nf6 5. Nc3 a6 6. Bg5 e6
7. f4 Be7 8. Qf3 h6 9. Bh4 Nbd7 10. O-O-O Qc7 11. Be2 g5
12. fxg5 Ne5 13. Qe3 Nh7 14. Nf3 hxg5 15. Bg3 Bd7 16. Nxe5
dxe5 17. h4 b5 18. Bg4 O-O-O 19. Bf3 Kb7 20. a3 Bc5 21. Qe2
Nf8 22. hxg5 Rxh1 23. Rxh1 Bxa3 24. Na2 Be7 25. Rd1 Bxg5+
26. Kb1 Ng6 27. Qd3 Be8 28. Qf1 Rc8 29. Qd3 Be7 30. Qc3 Qb6
31. Qe1 Bc5 32. Qe2 b4 33. Qd3 Bb5 34. Qd2 a5 35. Nc1 Be3
36. Qd6 Qxd6 37. Rxd6 Rh8 38. Rd1 Nf4 39. Nb3 a4 40. Nc1 Kc6
41. Bxf4 exf4 42. Nd3 Bxd3 43. Rxd3 Kc5 44. Rd1 b3 45. Rf1 Kd4
46. Rd1+ Ke5 47. Rf1 Rc8 48. Bd1 Kxe4 49. cxb3 Rc1+ 50. Ka2
axb3+ 51. Kxb3 Kd3 0-1

[Event "Reykjavik Open"]
[Site "Reykjavik ISL"]
[Date "2017.04.23"]
[EventDate "2017.04.19"]
[Round "6.76"]
[Result "1/2-1/2"]
[White "Markus Kauch"]
[Black "Pall G Jonsson"]
[WhiteElo "2193"]
[BlackElo "1833"]
[PlyCount "63"]

1. c4 g6 2. g3 Bg7 3. Bg2 Nf6 4. Nc3 O-O 5. e4 d6 6. Nge2 c5
7. O-O Nc6 8. d3 a6 9. Rb1 Rb8 10. a3 b5 11. cxb5 axb5 12. b4
cxb4 13. axb4 Bd7 14. h3 Qc8 15. Kh2 Be6 16. f4 Nd4 17. Nxd4
Qxc3 18. Nxe6 fxe6 19. Bb2 Qc7 20. Qb3 Qd7 21. f5 gxf5
22. exf5 d5 23. fxe6 Qd6 24. Bxf6 Rxf6 25. Rxf6 Bxf6 26. Qxd5
Rd8 27. Qxd6 Rxd6 28. Be4 Kg7 29. Rc1 Rd4 30. Rc5 Rxb4 31. Rh5
Rb2+ 32. Kg1 1/2-1/2

[Event "Reykjavik Open"]
[Site "Reykjavik ISL"]
[Date "2017.04.23"]
[EventDate "2017.04.19"]
[Round "6.77"]
[Result "1/2-1/2"]
[White "Stephan Briem"]
[Black "Martin Wecker"]
[WhiteElo "1865"]
[BlackElo "2134"]
[PlyCount "85"]

1. d4 Nf6 2. c4 e6 3. Nf3 d5 4. g3 c5 5. cxd5 exd5 6. Bg2 Nc6
7. O-O Be7 8. Bf4 O-O 9. dxc5 Bxc5 10. Qc2 Bb6 11. Nbd2 Re8
12. Rfe1 Bg4 13. Rad1 Rc8 14. Qb1 Nb4 15. Rc1 Rxc1 16. Qxc1
Nxa2 17. Qb1 Nb4 18. e4 dxe4 19. Nxe4 Nxe4 20. Rxe4 Rxe4
21. Qxe4 Bxf3 22. Bxf3 Nc6 23. Kg2 g6 24. h4 Qd4 25. Qe8+ Kg7
26. Bxc6 Qxf2+ 27. Kh3 bxc6 28. Bh6+ Kf6 29. Qxc6+ Ke5
30. Bf4+ Kd4 31. Qc3+ Ke4 32. Qe5+ Kd3 33. Qc3+ Ke2 34. Qd2+
Kf1 35. Qd1+ Qe1 36. Qf3+ Qf2 37. Qd1+ Qe1 38. Qf3+ Bf2
39. Qh1+ Ke2 40. Qe4+ Kf1 41. Qh1+ Ke2 42. Qe4+ Kf1 43. Qh1+
1/2-1/2

[Event "Reykjavik Open"]
[Site "Reykjavik ISL"]
[Date "2017.04.23"]
[EventDate "2017.04.19"]
[Round "6.78"]
[Result "0-1"]
[White "Adri Timmermans"]
[Black "Julius Fridjonsson"]
[WhiteElo "1861"]
[BlackElo "2126"]
[PlyCount "94"]

1. e4 c5 2. Nf3 d6 3. d4 cxd4 4. Nxd4 Nf6 5. Nc3 e6 6. Be3 Be7
7. f3 O-O 8. Qd2 a6 9. O-O-O b5 10. g4 b4 11. Nce2 Qc7 12. g5
Nfd7 13. h4 Ne5 14. Ng3 Bd7 15. Kb1 Bb5 16. h5 Bxf1 17. Rdxf1
Nc4 18. Qf2 Nxe3 19. Qxe3 Qc5 20. g6 Bf6 21. Nge2 Nc6
22. gxh7+ Kh8 23. Rd1 Rac8 24. h6 g6 25. Qf4 Be5 26. Qd2 Kxh7
27. Nb3 Qb5 28. f4 Bf6 29. Ng3 a5 30. Qd3 Qxd3 31. Rxd3 Be7
32. Nd4 Nxd4 33. Rxd4 Rc6 34. Nf1 Bf6 35. Rd3 Rfc8 36. Rh2 Rc4
37. Ng3 Be7 38. Rd1 R8c6 39. f5 gxf5 40. exf5 Rg4 41. Rh3 Rc8
42. fxe6 fxe6 43. Rf1 Rf8 44. a4 Rxg3 45. Rxf8 Rg1+ 46. Ka2
Bxf8 47. Rh5 d5 0-1

[Event "Reykjavik Open"]
[Site "Reykjavik ISL"]
[Date "2017.04.23"]
[EventDate "2017.04.19"]
[Round "6.81"]
[Result "1-0"]
[White "Neil Doknjas"]
[Black "Bjorn Saren"]
[WhiteElo "1784"]
[BlackElo "2067"]
[PlyCount "89"]

1. e4 g6 2. d4 Bg7 3. Nf3 d6 4. Nc3 Nf6 5. Be3 O-O 6. Qd2 c6
7. Bd3 Qc7 8. Bh6 b5 9. h3 Nbd7 10. g4 a6 11. Nh4 e6 12. Rg1
c5 13. Bxg7 Kxg7 14. g5 Ne8 15. d5 b4 16. Nd1 c4 17. Be2 Qc5
18. c3 a5 19. Ne3 Ba6 20. Nf3 e5 21. h4 Nb6 22. h5 Rb8 23. Nh4
bxc3 24. bxc3 Na4 25. Bd1 Nb2 26. Bc2 Nd3+ 27. Bxd3 cxd3
28. Nef5+ Kh8 29. Rh1 Qa3 30. Nxg6+ fxg6 31. hxg6 Rxf5
32. Rxh7+ Kg8 33. exf5 Rb2 34. f6 Bb5 35. f7+ Kf8 36. Rh8+ Ke7
37. f8=Q+ Kd8 38. Qf6+ Kc7 39. Qe7+ Kb6 40. Qd8+ Kc5 41. Qe3+
Kxd5 42. Qf3+ e4 43. Qf7+ Kc5 44. Qa7+ Kd5 45. Qd4+ 1-0

[Event "Reykjavik Open"]
[Site "Reykjavik ISL"]
[Date "2017.04.23"]
[EventDate "2017.04.19"]
[Round "6.84"]
[Result "1/2-1/2"]
[White "Marcus Scheele"]
[Black "Alexander Hart"]
[WhiteElo "2030"]
[BlackElo "1806"]
[PlyCount "103"]

1. e4 c6 2. d4 d5 3. e5 Bf5 4. h4 h5 5. Bd3 Bxd3 6. Qxd3 e6
7. Bg5 Qa5+ 8. Nd2 c5 9. dxc5 Bxc5 10. Nf3 Nc6 11. O-O Qc7
12. c4 Nb4 13. Qe2 Ne7 14. a3 Nbc6 15. b4 Bd4 16. Nxd4 Nxd4
17. Qd3 Ndf5 18. cxd5 Nxd5 19. Rac1 Qd7 20. Ne4 b6 21. Rfd1
Rc8 22. Qa6 O-O 23. Qe2 Rxc1 24. Rxc1 g6 25. Rd1 Qa4 26. g4
hxg4 27. Qxg4 Qxa3 28. h5 Rc8 29. hxg6 fxg6 30. Nf6+ Nxf6
31. Bxf6 Rc1 32. Qxg6+ Kf8 33. Qg4 Rxd1+ 34. Qxd1 Qxb4
35. Qd8+ Kf7 36. Qd7+ Kg6 37. Qe8+ Kh6 38. Qh8+ Kg6 39. Qg8+
Kh6 40. Qg5+ Kh7 41. Qh5+ Nh6 42. Qe8 Qe1+ 43. Kg2 Qe4+
44. Kf1 Qd3+ 45. Ke1 Qb1+ 46. Kd2 Qb2+ 47. Kd3 Qb1+ 48. Kc3
Qe1+ 49. Kb3 Qd1+ 50. Ka3 Qd3+ 51. Kb2 Qd2+ 52. Kb3 1/2-1/2

[Event "Reykjavik Open"]
[Site "Reykjavik ISL"]
[Date "2017.04.23"]
[EventDate "2017.04.19"]
[Round "6.86"]
[Result "1/2-1/2"]
[White "Vit Zemlicka"]
[Black "Andreas Muhr"]
[WhiteElo "1984"]
[BlackElo "1801"]
[PlyCount "33"]

1. e4 d5 2. exd5 Qxd5 3. Nc3 Qa5 4. d4 Nf6 5. Nf3 Bg4 6. h3
Bf5 7. Ne5 c6 8. Bc4 e6 9. Qe2 Bb4 10. Bd2 Bxc2 11. Nxf7 O-O
12. Qxe6 Ne8 13. Nh6+ Kh8 14. Nf7+ Kg8 15. Nh6+ Kh8 16. Nf7+
Kg8 17. Nh6+ 1/2-1/2

[Event "Reykjavik Open"]
[Site "Reykjavik ISL"]
[Date "2017.04.23"]
[EventDate "2017.04.19"]
[Round "6.87"]
[Result "0-1"]
[White "Alex Byrne"]
[Black "Soren Sandmann Pedersen"]
[WhiteElo "1976"]
[BlackElo "1794"]
[PlyCount "112"]

1. e4 c6 2. d4 d5 3. Nc3 dxe4 4. Nxe4 Bf5 5. Ng3 Bg6 6. h4 h6
7. Nf3 Nd7 8. h5 Bh7 9. Bd3 Bxd3 10. Qxd3 e6 11. Bd2 Ngf6
12. O-O-O Be7 13. Ne2 Ng4 14. Be1 Qc7 15. Nd2 b5 16. Ne4 a5
17. f4 f5 18. Nf2 Ndf6 19. Nxg4 Nxg4 20. Bg3 Kf7 21. Rhe1 a4
22. Ng1 Bd6 23. Qe2 Bxf4+ 24. Bxf4 Qxf4+ 25. Kb1 Rhe8 26. Rf1
Qg5 27. Nf3 Qe3 28. Ne5+ Kg8 29. Rfe1 Qxe2 30. Rxe2 Nxe5
31. Rxe5 Rad8 32. Rc5 Rd6 33. c4 Red8 34. cxb5 cxb5 35. Rxb5
Rxd4 36. Re1 Kf7 37. b3 axb3 38. Rxb3 Kf6 39. Rg3 Rd1+
40. Rxd1 Rxd1+ 41. Kc2 Rd4 42. Kb3 e5 43. a4 f4 44. Rg6+ Kf7
45. Rg4 Kf6 46. a5 Rd7 47. Rg6+ Kf5 48. Rc6 e4 49. Rc1 f3
50. gxf3 exf3 51. Rg1 Kf4 52. Kc3 Ke3 53. a6 f2 54. Ra1 Rc7+
55. Kb4 Ke2 56. a7 Rxa7 0-1

[Event "Reykjavik Open"]
[Site "Reykjavik ISL"]
[Date "2017.04.23"]
[EventDate "2017.04.19"]
[Round "6.88"]
[Result "1/2-1/2"]
[White "Aron Thor Mai"]
[Black "Eric de Winter"]
[WhiteElo "1956"]
[BlackElo "1786"]
[PlyCount "102"]

1. e4 c5 2. Nf3 Nc6 3. Bb5 e6 4. O-O Nge7 5. Re1 a6 6. Bf1 d5
7. e5 Nf5 8. d3 Be7 9. g3 h5 10. h4 Bd7 11. c3 Qc7 12. Qe2 Nb8
13. Bf4 Bc6 14. Bh3 g6 15. Nbd2 Nd7 16. Rac1 Rb8 17. Nf1 b5
18. Bxf5 gxf5 19. Ne3 Qb7 20. Nxf5 d4 21. Ng5 Bh1 22. f3 exf5
23. Kxh1 Bxg5 24. Bxg5 Kf8 25. Kh2 Re8 26. cxd4 cxd4 27. Bf4
Re6 28. Qf2 Qd5 29. b3 Nxe5 30. Bxe5 Rxe5 31. Rxe5 Qxe5
32. Re1 Qd6 33. Qe2 Kg7 34. Qd2 f6 35. Qc2 Rg8 36. f4 Kf7
37. Qd1 Kg6 38. Qc2 Rd8 39. Re2 Kf7 40. a4 bxa4 41. bxa4 Qd7
42. Qc4+ Kg6 43. Qxa6 Re8 44. Rc2 Re1 45. Qa8 Qe7 46. Qf3 Re3
47. Qd1 Qb4 48. Rd2 Qa5 49. Qc2 Qd5 50. Qc4 Qf3 51. Qg8+ Kh6
1/2-1/2

[Event "Reykjavik Open"]
[Site "Reykjavik ISL"]
[Date "2017.04.23"]
[EventDate "2017.04.19"]
[Round "6.92"]
[Result "1-0"]
[White "Hafsteinn Agustsson"]
[Black "John Ontiveros"]
[WhiteElo "1921"]
[BlackElo "1741"]
[PlyCount "113"]

1. e4 c5 2. Nf3 d6 3. d4 cxd4 4. Nxd4 Nf6 5. Nc3 g6 6. Be3 a6
7. f3 Bd7 8. Qd2 Nc6 9. Bc4 Bg7 10. O-O-O Na5 11. Bb3 Nxb3+
12. cxb3 Qa5 13. g4 O-O 14. Bh6 Rac8 15. Kb1 Rc7 16. h4 Rfc8
17. Bxg7 Kxg7 18. g5 Nh5 19. Nd5 Rc1+ 20. Qxc1 Rxc1+ 21. Rxc1
e6 22. b4 Qd8 23. Nc7 Nf4 24. b5 e5 25. bxa6 bxa6 26. Nb3 Be6
27. Na5 Nd3 28. Rc3 Nc5 29. Nxe6+ Nxe6 30. Nc6 Qb6 31. Rf1 h6
32. gxh6+ Kxh6 33. Ne7 Qd8 34. Nc8 Nc5 35. Na7 Qc7 36. b4 Qxa7
37. bxc5 dxc5 38. Rfc1 Qd7 39. Kb2 Qd4 40. Rc2 Kh5 41. Kb1
Qd1+ 42. Kb2 Qd4 43. Kb1 Kxh4 44. Rxc5 Qd1+ 45. Kb2 Qxf3
46. Rxe5 Qf6 47. Rc5 Qf2+ 48. Kb3 Qe3+ 49. Kb4 Qd4+ 50. Kb3 f6
51. Red5 Qe3+ 52. Kb4 g5 53. Rf5 g4 54. Rh5+ Kg3 55. Rc3 Kf4
56. Rxe3 Kxe3 57. e5 1-0

[Event "Reykjavik Open"]
[Site "Reykjavik ISL"]
[Date "2017.04.23"]
[EventDate "2017.04.19"]
[Round "6.95"]
[Result "1/2-1/2"]
[White "Palmar Breidfjord"]
[Black "Daniel Ernir Njardarson"]
[WhiteElo "1866"]
[BlackElo "1378"]
[PlyCount "108"]

1. e4 e6 2. d4 d5 3. Nd2 Nf6 4. Bd3 c5 5. e5 Nfd7 6. c3 Nc6
7. Ne2 cxd4 8. cxd4 f6 9. f4 Be7 10. O-O O-O 11. a3 Qb6
12. Nf3 fxe5 13. fxe5 Ndxe5 14. Nxe5 Nxe5 15. Rxf8+ Bxf8
16. Kf1 Nxd3 17. Qxd3 Bd7 18. Nc3 Bd6 19. g3 Rf8+ 20. Ke1 a6
21. a4 Qd8 22. Ra2 Qf6 23. Be3 Bb4 24. Kd1 b5 25. b3 Rc8
26. Rc2 bxa4 27. Nxa4 Rxc2 28. Kxc2 Bb5 29. Qd1 e5 30. dxe5
Qxe5 31. Qd4 Qxd4 32. Bxd4 Bxa4 33. bxa4 g6 34. Kd3 Kf7 35. g4
h5 36. h3 Ke6 37. Bg7 Be7 38. Bd4 Bf6 39. Ba7 Ba1 40. Be3 hxg4
41. hxg4 Ke5 42. Bh6 d4 43. Bg5 Kd5 44. Be7 Bc3 45. Bf6 Kc6
46. Bxd4 Bxd4 47. Kxd4 Kd6 48. Ke4 Ke6 49. Kf4 Kf6 50. g5+ Ke6
51. Ke4 a5 52. Kd4 Kd6 53. Kc4 Kc6 54. Kd4 Kd6 1/2-1/2

[Event "Reykjavik Open"]
[Site "Reykjavik ISL"]
[Date "2017.04.23"]
[EventDate "2017.04.19"]
[Round "6.99"]
[Result "0-1"]
[White "Karl Egill Steingrimsson"]
[Black "Andre Zybura"]
[WhiteElo "1664"]
[BlackElo "1894"]
[PlyCount "116"]

1. Nf3 Nf6 2. Nc3 d5 3. d4 e6 4. g3 c5 5. e3 a6 6. Bg2 cxd4
7. exd4 Bb4 8. Bd2 Nbd7 9. O-O O-O 10. Re1 b5 11. Ne2 Bxd2
12. Nxd2 Bb7 13. c3 Rb8 14. Nf4 a5 15. a3 Qb6 16. Nd3 Ba6
17. Nf3 b4 18. axb4 Bxd3 19. Qxd3 axb4 20. Ne5 bxc3 21. Nxd7
Nxd7 22. bxc3 Qb5 23. Qe3 Nf6 24. h3 Qb2 25. Rab1 Qxb1
26. Rxb1 Rxb1+ 27. Kh2 Rc8 28. g4 Rb3 29. g5 Rbxc3 30. Qf4 Nh5
31. Qg4 g6 32. h4 Rd3 33. Bxd5 Rd8 34. Bxe6 fxe6 35. Qxe6+ Kh8
36. Qe5+ Ng7 37. f3 R3xd4 38. Kg3 Kg8 39. Qb5 Nf5+ 40. Kh3
Rxh4+ 41. Kg2 Rhd4 42. Qb3+ Kg7 43. Qe6 R4d6 44. Qe5+ Kg8
45. Qc5 Rf8 46. Qc4+ Rf7 47. Qc8+ Kg7 48. Qc3+ Rd4 49. Kh3 h6
50. gxh6+ Kxh6 51. Qc1+ Kh5 52. Qc8 Rf4 53. Kg2 Nh4+ 54. Kh1
Rxf3 55. Qh8+ Kg4 56. Qd4+ R7f4 57. Qg1+ Kh5 58. Qc5+ g5 0-1